NFL Team Most Receiving Yards in a Game - Statistics

General Stats
  • This quiz has been taken 58 times
    55 since last reset
  • The average score is 11 of 32
Answer Stats
Team Yards Player % Correct
SFF 289 Jerry Rice
93%
DET 329 Calvin Johnson
91%
HOU 273 Andre Johnson
88%
PIT 284 Antonio Brown
84%
ATL 300 Julio Jones
81%
JAX 291 Jimmy Smith
63%
CAR 201 Steve Smith Sr.
60%
CIN 266 Ja'Marr Chase
58%
DEN 226 Demaryius Thomas
53%
NOS 211 Michael Thomas
53%
MIN 223 Justin Jefferson
49%
SEA 261 Steve Largent
47%
CLE 265 Amari Cooper
40%
WAS 255 Anthony Allen
37%
LAR 336 Flipper Anderson
35%
NEP 217 Wes Welker
35%
BUF 265 Lee Evans
33%
TBB 216 Vincent Jackson
33%
CHI 249 Alshon Jeffery
26%
KAN 309 Stephone Paige
16%
DAL 250 Miles Austin
14%
TEN 272 Charley Hennigan
7%
NYJ 228 Don Maynard
7%
GBP 257 Billy Howton
5%
MIA 253 Brian Hartline
5%
BAL 258 Qadry Ismail
5%
IND 224 Raymond Berry
5%
PHI 237 Tommy McDonald
5%
LAC 260 Wes Chandler
5%
LVR 247 Art Powell
2%
NYG 269 Del Shofner
2%
ARI 256 Sonny Randle
0%
No matching quizzes found
Score Distribution
Percent of People with Each Score
Percentile by Number Answered
Your Score History
You have not taken this quiz since the last reset